Nonlinear problems in abstract cones
保存先:
| 主要な著者: | , |
|---|---|
| フォーマット: | 図書 |
| 言語: | 英語 |
| 出版事項: |
Boston
Academic Press
1988
|
| シリーズ: | Notes and Reports in Mathematics in Science and Engineering, 5
|
| 主題: | |
| タグ: |
タグ追加
タグなし, このレコードへの初めてのタグを付けませんか!
|
MARC
| LEADER | 00000nam a2200000 a 4500 | ||
|---|---|---|---|
| 001 | UCP9260 | ||
| 003 | CL-VaPUC | ||
| 008 | 000324e19880000US |||||||||||||||||eng|d | ||
| 082 | 0 | 4 | |a 515.724 |b GUO |2 21 |
| 100 | 0 | |a Guo, Dajun |e author |9 439715 | |
| 700 | 0 | |a Lakshmikantham, V |e author |9 439716 | |
| 245 | 1 | 0 | |a Nonlinear problems in abstract cones |
| 300 | |a 275 p | ||
| 942 | |c BK | ||
| 945 | |d 20000324 00:00:00 |a vberengu | ||
| 260 | |a Boston |b Academic Press |c 1988 | ||
| 650 | 0 | |a Ecuaciones diferenciales |9 260083 | |
| 650 | 0 | |a Ecuaciones integrales |9 270067 | |
| 650 | 0 | |a Ecuaciones no lineales |9 343071 | |
| 650 | 7 | |a TEORIA DE OPERADORES |2 CL-VaPUC |9 271302 | |
| 650 | 7 | |a TEORIA DE PUNTO FIJO |2 CL-VaPUC |9 324055 | |
| 583 | |a last modification |c 20000324 00:00:00 |k Rodrigo Vera | ||
| 490 | 0 | |a Notes and Reports in Mathematics in Science and Engineering, 5 | |
| 999 | |c 286090 |d 286088 | ||